Educational issues in geotechnical engineering: proceedings of sessions of Geo-Denver 2000
Збережено в:
| Формат: | Книга |
|---|---|
| Мова: | Англійська |
| Опубліковано: |
Reston
ASCE
2000
|
| Серія: | Geotechnical Special Publications, 109
|
| Предмети: | |
| Теги: |
Додати тег
Немає тегів, Будьте першим, хто поставить тег для цього запису!
|
MARC
| LEADER | 00000nam a2200000 a 4500 | ||
|---|---|---|---|
| 001 | UCN3932 | ||
| 003 | CL-VaPUC | ||
| 005 | 20220315074419.0 | ||
| 008 | 010713e20000000us 1 eng d | ||
| 082 | 0 | 4 | |a 624.15 |b EDU |2 21 |
| 245 | 1 | 0 | |a Educational issues in geotechnical engineering: proceedings of sessions of Geo-Denver 2000 |
| 260 | |a Reston |b ASCE |c 2000 | ||
| 300 | |a 101 p | ||
| 490 | 0 | |a Geotechnical Special Publications, 109 | |
| 583 | |a last modification |c 20190821 11:37:04 |k Rodrigo Vera | ||
| 650 | 0 | 7 | |a INGENIERIA GEOLOGICA |2 CL-VaPUC |9 361301 |
| 650 | 0 | 0 | |a Congresos |9 257560 |
| 650 | 0 | 0 | |a Educación superior |9 223851 |
| 650 | 0 | 7 | |a MATERIAL RECICLADO |2 CL-VaPUC |9 619946 |
| 650 | 0 | 7 | |a CIMENTACIONES |2 CL-VaPUC |9 260323 |
| 942 | |c BK | ||
| 945 | |a cmena |d 20010713 00:00:00 | ||
| 546 | |a En Inglés | ||
| 536 | |a Geo-Institute of the American Society of Civil Engineers | ||
| 518 | |p Geo-Denver 2000, 1, Denver, 5 al 8 de Agosto de 2000 | ||
| 999 | |c 383678 |d 383676 | ||
| 952 | |0 0 |1 0 |4 0 |6 624_150000000000000_EDU_2000 |7 0 |8 A |9 505887 |a BIBING |b BIBING |d 2020-01-23 |i 3738086 |o 624.15 EDU 2000 |p 3738086 |r 2025-01-20 |w 2020-01-23 |y BK |k CCL | ||